[Event "COL-ch Antioquia Novato"]
[Site "Medellin"]
[Date "2010.??.??"]
[Round "2.2"]
[White "Cano, Hernan Dario"]
[Black "Velasquez, Camilo Andres"]
[Result "0-1"]
[WhiteElo "1600"]
[BlackElo "1600"]
[PlyCount "36"]
[EventDate "2010.01.26"]
[EventType "tourn"]
[EventRounds "7"]
[EventCountry "COL"]
[SourceTitle "EXT 2024"]
[Source "ChessBase"]
[SourceDate "2023.10.10"]
[SourceVersion "1"]
[SourceVersionDate "2023.10.10"]
[SourceQuality "1"]

1. e4 e5 2. Nf3 d6 3. Bc4 Bg4 4. h3 Bh5 5. 0-0 Nf6 6. Nc3 c6 7. d3 h6 8. Re1 Qb6 9. Re3 Be7 10. Qd2 0-0 11. Na4 Qc7 12. b3 b5 13. Bxf7+ Rxf7 14. Nc3 d5 15. d4 exd4 16. Nxd4 Bc5 17. Bb2 Bxd4 18. Qxd4 Nxe4 0-1